000
00299 a2200109 4500
001
ART_30603
005
20260410161928.0
008
260409a
245
1
0
_a
Debido proceso
100
1
_a
Rosenblat, Katia
773
0
_t
Derechos humanos
_g
- Año III, Nº 6/B (mayo 2015)
_w
REV22278
999
_c
28327
_d
28327